000 00697pam a2200217 a 4500
001 4850069
005 20171214072930.0
008 910411s1991 nyu b 001 0 eng
010 _a 91003792
020 _a031326029X (alk. paper)
040 _aDLC
_cDLC
_dDLC
041 _aeng
080 _a016.30542072 MIL
082 0 0 _a016.30542072 MIL
_220
100 1 _a50
101 _aSOC
245 1 0 _aFeminist research methods :
_cConnie Miller, with Corinna Treitel.
906 _a7
_bcbc
_corignew
_d1
_eocip
_f19
_gy-gencatlg
942 _2ddc
_cBK
999 _c38935
_d38935